2018ワールドカップ総合順位 - Statistics

General Stats
  • This quiz has been taken 185 times
  • The average score is 24 of 32
Answer Stats
成績 順位 答え % Correct
優勝 1位 フランス
98%
ベスト16 15位 日本
97%
ベスト4 4位 イングランド
94%
ベスト8 6位 ブラジル
94%
ベスト16 16位 アルゼンチン
94%
グループステージ敗退 22位 ドイツ
93%
準優勝 2位 クロアチア
90%
ベスト16 10位 スペイン
90%
ベスト16 13位 ポルトガル
90%
グループステージ敗退 19位 韓国
90%
ベスト4 3位 ベルギー
88%
グループステージ敗退 29位 オーストラリア
85%
ベスト8 8位 ロシア
84%
ベスト8 5位 ウルグアイ
80%
ベスト16 9位 コロンビア
78%
ベスト16 12位 メキシコ
78%
グループステージ敗退 25位 ポーランド
77%
グループステージ敗退 26位 サウジアラビア
73%
ベスト16 14位 スイス
69%
グループステージ敗退 18位 イラン
69%
グループステージ敗退 31位 エジプト
69%
グループステージ敗退 27位 モロッコ
68%
グループステージ敗退 17位 セネガル
67%
グループステージ敗退 30位 コスタリカ
64%
ベスト8 7位 スウェーデン
63%
ベスト16 11位 デンマーク
63%
グループステージ敗退 23位 セルビア
56%
グループステージ敗退 21位 ナイジェリア
55%
グループステージ敗退 20位 ペルー
50%
グループステージ敗退 24位 チュニジア
45%
グループステージ敗退 32位 パナマ
41%
グループステージ敗退 28位 アイスランド
36%
No matching quizzes found
Score Distribution
Percent of People with Each Score
Percentile by Number Answered
Your Score History
You have not taken this quiz